[Event "Chennai WinTV op 1st"]
[Site "Chennai"]
[Date "2004.01.31"]
[Round "12"]
[White "Sidorova, Elena"]
[Black "Deepan Chakkravarthy, J."]
[Result "0-1"]
[WhiteElo "2157"]
[BlackElo "2388"]
[PlyCount "74"]
[EventDate "2004.01.21"]
[EventType "swiss"]
[EventRounds "13"]
[EventCountry "IND"]
[SourceTitle "CBM 098 Extra"]
[Source "ChessBase"]
[SourceDate "2004.03.10"]
[SourceVersion "2"]
[SourceVersionDate "2004.03.10"]
[SourceQuality "1"]

1. d4 Nf6 2. c4 Nc6 3. Nf3 e6 4. a3 d6 5. Nc3 g6 6. g3 Bg7 7. Bg2 0-0 8. 0-0 e5 9. d5 Ne7 10. e4 c5 11. Ne1 a6 12. Nd3 Nd7 13. b4 b6 14. bxc5 Nxc5 15. Nxc5 bxc5 16. Rb1 f5 17. Bd2 a5 18. Qc2 fxe4 19. a4 Nf5 20. Nxe4 Nd4 21. Qd3 Bg4 22. f3 Bd7 23. Nxd6 Bxa4 24. Nb7 Qc8 25. Qa3 Bc2 26. Rb6 e4 27. Qxc5 exf3 28. Qxc8 Ne2+ 29. Kh1 fxg2+ 30. Kxg2 Be4+ 31. Kh3 Raxc8 32. Re1 Rf2 33. Nd6 Bg2+ 34. Kh4 Rcf8 35. Be3 Bf6+ 36. Bg5 Nd4 37. Bxf6 Nf3+ 0-1

[Event "Chennai WinTV op 1st"]
[Site "Chennai"]
[Date "2004.01.25"]
[Round "6"]
[White "Sidorova, Elena"]
[Black "Anilkumar, OT."]
[Result "0-1"]
[WhiteElo "2157"]
[BlackElo "2282"]
[PlyCount "76"]
[EventDate "2004.01.21"]
[EventType "swiss"]
[EventRounds "13"]
[EventCountry "IND"]
[SourceTitle "CBM 098 Extra"]
[Source "ChessBase"]
[SourceDate "2004.03.10"]
[SourceVersion "2"]
[SourceVersionDate "2004.03.10"]
[SourceQuality "1"]

1. d4 d6 2. Nf3 g6 3. c4 Bg7 4. g3 Nc6 5. Bg2 e5 6. Bg5 f6 7. Be3 Nh6 8. dxe5 fxe5 9. Ng5 Nf5 10. Bd2 h6 11. Ne4 Be6 12. Qa4 Qd7 13. Nbc3 0-0 14. Nd5 a6 15. Nec3 Kh8 16. b4 b5 17. cxb5 axb5 18. Qxb5 Nfd4 19. Qd3 e4 20. Bxe4 Ne5 21. Qb1 Nc4 22. Nf4 Bf5 23. a4 Rae8 24. Nxg6+ Bxg6 25. Bxg6 Nf3+ 26. Kd1 Nfxd2 27. Bxe8 Qxe8 28. Qc2 Rxf2 29. Kc1 Qe5 30. Ra2 Qxc3 31. Qxc3 Bxc3 32. a5 Bxb4 33. a6 Rf8 34. Kc2 Nb6 35. Rha1 Ndc4 36. Kd3 Ne5+ 37. Ke4 Bc3 38. Rc1 d5+ 0-1

[Event "Chennai WinTV op 1st"]
[Site "Chennai"]
[Date "2004.01.22"]
[Round "3"]
[White "Srinivasa Rao, M."]
[Black "Sidorova, Elena"]
[Result "1-0"]
[WhiteElo "2335"]
[BlackElo "2157"]
[PlyCount "69"]
[EventDate "2004.01.21"]
[EventType "swiss"]
[EventRounds "13"]
[EventCountry "IND"]
[SourceTitle "CBM 098 Extra"]
[Source "ChessBase"]
[SourceDate "2004.03.10"]
[SourceVersion "2"]
[SourceVersionDate "2004.03.10"]
[SourceQuality "1"]

1. Nf3 d5 2. c4 c6 3. cxd5 cxd5 4. d4 Nf6 5. Nc3 Nc6 6. Bf4 a6 7. e3 Bg4 8. Be2 e6 9. 0-0 Be7 10. h3 Bxf3 11. Bxf3 0-0 12. Rc1 Rc8 13. Be2 Na5 14. Bd3 Nc4 15. Qe2 b5 16. a4 b4 17. Nb1 a5 18. Bxc4 dxc4 19. Rxc4 Nd5 20. Be5 Qd7 21. b3 Rxc4 22. Qxc4 Rc8 23. Qa6 Bd8 24. Nd2 f6 25. Bg3 Rc6 26. Qb5 Nc3 27. Qd3 e5 28. Kh2 Qd5 29. Nc4 Nxa4 30. Nxe5 Rc3 31. Qf5 Rxb3 32. e4 Qd6 33. Nf7 Qe7 34. Nxd8 Rxg3 35. Qd5+ 1-0

[Event "RUS-Cup04"]
[Site "Samara"]
[Date "2002.07.28"]
[Round "3"]
[White "Alagulian, Kamo"]
[Black "Sidorova, Elena"]
[Result "1-0"]
[WhiteElo "2263"]
[BlackElo "2132"]
[PlyCount "59"]
[EventDate "2002.07.26"]
[EventType "swiss"]
[EventRounds "9"]
[EventCountry "RUS"]
[SourceTitle "CBM 089 Extra"]
[Source "ChessBase"]
[SourceDate "2002.09.10"]
[SourceVersion "2"]
[SourceVersionDate "2002.09.10"]
[SourceQuality "1"]

1. e4 c5 2. Nf3 Nc6 3. d4 cxd4 4. Nxd4 e6 5. Nb5 d6 6. Bf4 e5 7. Be3 a6 8. N5c3 Be6 9. Nd2 Be7 10. Nc4 b5 11. Nb6 Rb8 12. Ncd5 Nf6 13. Nxf6+ Bxf6 14. Nd5 Bxd5 15. Qxd5 Qc7 16. c3 0-0 17. Be2 Rfd8 18. Rd1 Na5 19. 0-0 Nc4 20. Bxc4 bxc4 21. a4 Rxb2 22. Rb1 Rbb8 23. a5 Rdc8 24. Rb6 Bd8 25. Rfb1 Rxb6 26. axb6 Rb8 27. f3 Qd7 28. b7 Bc7 29. Ba7 Rd8 30. b8Q 1-0

[Event "RUS-Cup04"]
[Site "Samara"]
[Date "2002.07.27"]
[Round "2"]
[White "Khairullin, Ildar"]
[Black "Sidorova, Elena"]
[Result "1-0"]
[WhiteElo "2329"]
[BlackElo "2132"]
[PlyCount "72"]
[EventDate "2002.07.26"]
[EventType "swiss"]
[EventRounds "9"]
[EventCountry "RUS"]
[SourceTitle "CBM 089 Extra"]
[Source "ChessBase"]
[SourceDate "2002.09.10"]
[SourceVersion "2"]
[SourceVersionDate "2002.09.10"]
[SourceQuality "1"]

1. e4 c5 2. c3 Nf6 3. e5 Nd5 4. d4 cxd4 5. Qxd4 e6 6. Bc4 Nc6 7. Qe4 Nde7 8. Bf4 Ng6 9. Bg3 f6 10. f4 Bc5 11. Nf3 0-0 12. Nbd2 a6 13. Nb3 Ba7 14. 0-0-0 Qc7 15. Bd3 f5 16. Qe2 Nb4 17. Nfd4 b5 18. Bb1 Bb7 19. Rhf1 Nd5 20. Bd3 Nb4 21. Bb1 Rac8 22. a3 Nd5 23. Bc2 Qb6 24. Rd2 Ba8 25. h4 Rc7 26. h5 Nge7 27. Bh2 Rfc8 28. Bg1 Qb8 29. g4 Rf8 30. gxf5 Nxf5 31. Nxf5 exf5 32. Bxa7 Qxa7 33. Nd4 Ne7 34. Rg1 Bb7 35. Qe1 g6 36. hxg6 hxg6 1-0

[Event "RUS-chT1 (Women)"]
[Site "Serpukhov"]
[Date "2002.??.??"]
[Round "7"]
[White "Nebolsina, Vera"]
[Black "Sidorova, Elena"]
[Result "1-0"]
[WhiteElo "2027"]
[BlackElo "2132"]
[PlyCount "71"]
[EventDate "2002.??.??"]
[EventType "team"]
[EventRounds "9"]
[EventCountry "RUS"]
[SourceTitle "EXT 2003"]
[Source "ChessBase"]
[SourceDate "2002.11.25"]
[SourceVersion "1"]
[SourceVersionDate "2002.11.25"]
[SourceQuality "1"]

1. Nf3 d5 2. d3 Nf6 3. Nbd2 Bf5 4. c4 c6 5. cxd5 cxd5 6. e4 Bg6 7. e5 Nfd7 8. d4 e6 9. Nb3 Nc6 10. a3 a5 11. Bg5 Qb6 12. Bd3 a4 13. Bxg6 hxg6 14. Nc1 Qxb2 15. Ne2 Qb3 16. Qc1 Na5 17. Nd2 Qb5 18. Rb1 Qd3 19. Ra1 Nb6 20. Qb2 Qa6 21. 0-0 Nbc4 22. Nxc4 Nxc4 23. Qc3 Qa5 24. Qd3 b5 25. Nf4 Qa7 26. Rfb1 Rb8 27. h3 b4 28. axb4 Bxb4 29. Rc1 0-0 30. h4 a3 31. h5 gxh5 32. Nxh5 Be7 33. Bf6 Bxf6 34. Nxf6+ gxf6 35. exf6 Qc7 36. Qf3 1-0

[Event "RUS-chT1 (Women)"]
[Site "Serpukhov"]
[Date "2002.??.??"]
[Round "2"]
[White "Ovchinnikova, Julia"]
[Black "Sidorova, Elena"]
[Result "1/2-1/2"]
[WhiteElo "2235"]
[BlackElo "2132"]
[PlyCount "93"]
[EventDate "2002.??.??"]
[EventType "team"]
[EventRounds "9"]
[EventCountry "RUS"]
[SourceTitle "EXT 2003"]
[Source "ChessBase"]
[SourceDate "2002.11.25"]
[SourceVersion "1"]
[SourceVersionDate "2002.11.25"]
[SourceQuality "1"]

1. d4 d5 2. c4 dxc4 3. Nf3 Nf6 4. e3 Bg4 5. Bxc4 e6 6. Qb3 Bxf3 7. gxf3 Nbd7 8. Bd2 c5 9. Bc3 Qc7 10. Nd2 a6 11. a4 cxd4 12. Bxd4 Bc5 13. Bxc5 Nxc5 14. Qa3 0-0 15. b4 Ncd7 16. 0-0 Ne5 17. Be2 Rfd8 18. Rfc1 Qe7 19. Nf1 Nd5 20. f4 Ng6 21. b5 Qh4 22. bxa6 Qh3 23. e4 Ndxf4 24. Qxh3 Nxh3+ 25. Kh1 bxa6 26. f3 Nhf4 27. Bd1 Nd3 28. Rcb1 a5 29. Kg1 Nb4 30. Rc1 Rac8 31. Be2 Nf4 32. Bb5 Nc2 33. Rab1 Nd4 34. Rxc8 Rxc8 35. Nd2 h5 36. Rb2 Rc3 37. Kf2 g5 38. Bf1 Ra3 39. e5 Rxa4 40. Ne4 Rb4 41. Ra2 Nc6 42. Nxg5 a4 43. Ne4 Nxe5 44. Nc5 Kg7 45. Rxa4 Rb2+ 46. Kg3 Kg8 47. h4 1/2-1/2

[Event "RUS-ch sf"]
[Site "Novosibirsk"]
[Date "2002.??.??"]
[Round "6"]
[White "Sidorova, Elena"]
[Black "Zakharov, Alexander Jr"]
[Result "0-1"]
[WhiteElo "2157"]
[BlackElo "2411"]
[PlyCount "84"]
[EventDate "2002.??.??"]
[EventType "swiss"]
[EventRounds "9"]
[EventCountry "RUS"]
[SourceTitle "EXT 2007"]
[Source "ChessBase"]
[SourceDate "2006.11.23"]
[SourceVersion "1"]
[SourceVersionDate "2006.11.23"]
[SourceQuality "1"]

1. d4 g6 2. Nf3 Bg7 3. c4 d6 4. g3 Nf6 5. Bg2 0-0 6. 0-0 c6 7. Nc3 Nbd7 8. Qc2 e5 9. Rd1 Re8 10. e4 exd4 11. Nxd4 Qb6 12. h3 Nc5 13. Nb3 Qb4 14. Nxc5 Qxc5 15. b3 Qh5 16. g4 Qh4 17. Bf4 h5 18. f3 Nh7 19. Rxd6 Ng5 20. Bxg5 Qxg5 21. Rd3 Be5 22. Rad1 Qf4 23. Ne2 Qf6 24. Qd2 hxg4 25. fxg4 Be6 26. g5 Qe7 27. Qe3 Kg7 28. Nd4 Rh8 29. Nxe6+ Qxe6 30. Rd7 b6 31. c5 b5 32. Qf2 Rh5 33. h4 Rh7 34. Bh3 Qe8 35. Bg4 Kg8 36. R1d3 a5 37. Kg2 Qf8 38. Rf3 Re8 39. h5 Re7 40. h6 Rxd7 41. Bxd7 Qe7 42. Qd2 Qxc5 0-1

[Event "RUS-Cup06"]
[Site "Tomsk"]
[Date "2001.07.06"]
[Round "7"]
[White "Sidorova, Elena"]
[Black "Vlassov, Nikolai"]
[Result "0-1"]
[WhiteElo "2243"]
[BlackElo "2467"]
[PlyCount "154"]
[EventDate "2001.06.30"]
[EventType "swiss"]
[EventRounds "9"]
[EventCountry "RUS"]
[SourceTitle "CBM 083 Extra"]
[Source "ChessBase"]
[SourceDate "2001.09.11"]
[SourceVersion "1"]
[SourceVersionDate "2001.09.11"]
[SourceQuality "1"]

1. d4 Nf6 2. Nf3 e6 3. c4 Nc6 4. g3 Bb4+ 5. Bd2 a5 6. Bg2 d6 7. 0-0 e5 8. Bg5 exd4 9. Nxd4 Ne5 10. a3 Bc5 11. Nc3 Neg4 12. Nd5 c6 13. Nxf6+ Nxf6 14. b4 Bb6 15. b5 c5 16. Nc2 h6 17. Bxf6 Qxf6 18. Ne3 Bd8 19. Qd3 h5 20. Rad1 Rh6 21. Rd2 a4 22. Rfd1 Ba5 23. Qe4+ Kf8 24. Rd3 Qe7 25. Qxe7+ Kxe7 26. Be4 Bc7 27. f4 Ra5 28. h4 Kd8 29. f5 Rh8 30. Kf2 b6 31. Kf3 Re8 32. Bc6 Rf8 33. Bd5 Ra7 34. Kf4 Bb8 35. Kg5 Re7 36. R1d2 Re5 37. Kxh5 Rfe8 38. Bxf7 R8e7 39. Kg6 Rxe3 40. g4 R3e4 41. Rg3 Bd7 42. Bd5 Rf4 43. e3 Rf1 44. h5 Bc7 45. h6 Be8+ 46. Kg5 gxh6+ 47. Kxh6 Kc8 48. Rh3 Bd8 49. Bg2 Rc1 50. g5 Rxc4 51. f6 Re5 52. e4 Kc7 53. Rhd3 d5 54. Rxd5 Rxd5 55. Rxd5 Rc2 56. Bf1 Rf2 57. Rf5 Rxf5 58. exf5 Kd6 59. Kg7 Ke5 60. Bd3 c4 61. Bc2 c3 62. f7 Bxf7 63. Kxf7 Bxg5 64. Kg6 Be7 65. Bxa4 Bxa3 66. f6 Ke4 67. Kf7 Kd4 68. Ke8 Kc4 69. f7 Bc5 70. f8Q Bxf8 71. Kxf8 Kb4 72. Bc2 Kxb5 73. Ke7 Kc4 74. Kd6 b5 75. Ke5 b4 76. Ke4 b3 77. Bxb3+ Kxb3 0-1

[Event "RUS-Cup06"]
[Site "Tomsk"]
[Date "2001.07.05"]
[Round "6"]
[White "Grunina, Nina"]
[Black "Sidorova, Elena"]
[Result "1/2-1/2"]
[WhiteElo "2065"]
[BlackElo "2243"]
[PlyCount "68"]
[EventDate "2001.06.30"]
[EventType "swiss"]
[EventRounds "9"]
[EventCountry "RUS"]
[SourceTitle "CBM 083 Extra"]
[Source "ChessBase"]
[SourceDate "2001.09.11"]
[SourceVersion "1"]
[SourceVersionDate "2001.09.11"]
[SourceQuality "1"]

1. e4 c5 2. Nf3 Nc6 3. Nc3 e6 4. d4 cxd4 5. Nxd4 Qc7 6. g3 a6 7. Bg2 Nf6 8. 0-0 Nxd4 9. Qxd4 Bc5 10. Bf4 d6 11. Qd3 Nd7 12. Na4 e5 13. Bd2 b5 14. Nxc5 Nxc5 15. Qc3 Bb7 16. a4 0-0 17. f3 Qc6 18. axb5 axb5 19. Be3 Rfe8 20. Bxc5 Qxc5+ 21. Qxc5 dxc5 22. Rxa8 Rxa8 23. Rd1 Kf8 24. Rd7 Bc6 25. Rc7 Ra6 26. Bf1 c4 27. b3 cxb3 28. cxb3 h5 29. Kf2 f6 30. Ke3 Be8 31. Rc8 Ra3 32. Bxb5 Rxb3+ 33. Bd3 Ke7 34. Kd2 Bb5 1/2-1/2

[Event "Tanta op 4th"]
[Site "Tanta"]
[Date "2001.04.21"]
[Round "4"]
[White "Farahat, Ali"]
[Black "Sidorova, Elena"]
[Result "1-0"]
[WhiteElo "2306"]
[BlackElo "2243"]
[PlyCount "85"]
[EventDate "2001.04.18"]
[EventType "swiss"]
[EventRounds "9"]
[EventCountry "EGY"]
[SourceTitle "CBM 082 Extra"]
[Source "ChessBase"]
[SourceDate "2001.07.03"]
[SourceVersion "1"]
[SourceVersionDate "2001.07.03"]
[SourceQuality "1"]

1. e4 c5 2. Nf3 Nc6 3. d4 cxd4 4. Nxd4 e6 5. Nb5 d6 6. c4 Nf6 7. N1c3 a6 8. Na3 Be7 9. Be2 0-0 10. 0-0 b6 11. Be3 Ne5 12. f3 Qc7 13. Qe1 Re8 14. Qf2 Rb8 15. Rac1 h6 16. Rfd1 Nfd7 17. Nab1 Bb7 18. Nd2 Rbc8 19. b3 Ba8 20. Nf1 Ng6 21. Ng3 Qb8 22. Bf1 Kh7 23. f4 Rc7 24. Bd3 Kg8 25. Rf1 Bf8 26. Bb1 b5 27. cxb5 axb5 28. Nce2 Nf6 29. Rxc7 Qxc7 30. Rc1 Qb7 31. h3 h5 32. e5 h4 33. exf6 hxg3 34. Nxg3 gxf6 35. Nh5 Be7 36. f5 exf5 37. Bxf5 Bd8 38. Bd4 Kh7 39. Nxf6+ Bxf6 40. Bxf6 Kg8 41. Qg3 Qb6+ 42. Kh1 d5 43. Qg5 1-0

[Event "RUS-Cup06"]
[Site "Nizhnij Novgorod"]
[Date "1998.07.04"]
[Round "6"]
[White "Sidorova, Elena"]
[Black "Yevseev, Denis"]
[Result "0-1"]
[WhiteElo "2260"]
[BlackElo "2455"]
[PlyCount "55"]
[EventDate "1998.06.29"]
[EventType "swiss"]
[EventRounds "9"]
[EventCountry "RUS"]
[SourceTitle "EXT 2000"]
[Source "ChessBase"]
[SourceDate "1999.11.16"]
[SourceVersion "1"]
[SourceVersionDate "1999.11.16"]
[SourceQuality "1"]

1. d4 Nf6 2. c4 e6 3. Nf3 b6 4. g3 Ba6 5. Qb3 Bb7 6. Bg2 Qc8 7. 0-0 c5 8. dxc5 Bxc5 9. Bf4 0-0 10. Nc3 Na6 11. Nb5 d5 12. Ne5 dxc4 13. Bxb7 Qxb7 14. Nxc4 Qe4 15. Nc3 Qf5 16. Kg2 Rad8 17. Rac1 Nb4 18. Ne3 Qh5 19. Nc2 Nc6 20. Qb5 Ne7 21. b4 Ned5 22. Nxd5 Qxd5+ 23. f3 Be7 24. Qa4 Qb7 25. e4 Rd3 26. Rfd1 Rxf3 27. b5 Rc3 28. Rd4 0-1

[Event "RUS-ch sf"]
[Site "Novosibirsk"]
[Date "1998.??.??"]
[Round "?"]
[White "Belozerov, Andrei"]
[Black "Sidorova, Elena"]
[Result "1-0"]
[WhiteElo "2460"]
[BlackElo "2260"]
[PlyCount "57"]
[EventDate "1998.??.??"]
[EventType "swiss"]
[EventRounds "9"]
[EventCountry "RUS"]
[SourceTitle "EXT 2000"]
[Source "ChessBase"]
[SourceDate "1999.11.16"]
[SourceVersion "1"]
[SourceVersionDate "1999.11.16"]
[SourceQuality "1"]

1. e4 c5 2. Nf3 e6 3. d4 cxd4 4. Nxd4 Nc6 5. Nc3 Qc7 6. Be2 a6 7. 0-0 Bc5 8. Nb3 Be7 9. f4 b5 10. Be3 Rb8 11. Bf3 d6 12. g4 h6 13. Qe2 Nf6 14. Qg2 Bb7 15. Rad1 Nd7 16. e5 dxe5 17. f5 Nd8 18. fxe6 Nxe6 19. Nd5 Bxd5 20. Bxd5 Nf4 21. Bxf4 exf4 22. Bc6 Rd8 23. Rxd7 Rxd7 24. Rd1 Bd6 25. Qe4+ Kd8 26. Bxd7 Kxd7 27. Qxf4 f6 28. Qf5+ Ke7 29. Nd4 1-0

[Event "RUS-ch sf"]
[Site "Novosibirsk"]
[Date "1998.??.??"]
[Round "?"]
[White "Sidorova, Elena"]
[Black "Shadrin, Lev"]
[Result "0-1"]
[WhiteElo "2260"]
[BlackElo "2165"]
[PlyCount "98"]
[EventDate "1998.??.??"]
[EventType "swiss"]
[EventRounds "9"]
[EventCountry "RUS"]
[SourceTitle "EXT 2000"]
[Source "ChessBase"]
[SourceDate "1999.11.16"]
[SourceVersion "1"]
[SourceVersionDate "1999.11.16"]
[SourceQuality "1"]

1. d4 Nf6 2. c4 g6 3. Nc3 Bg7 4. e4 d6 5. Nf3 0-0 6. Be2 e5 7. d5 c5 8. 0-0 Ne8 9. Ne1 f5 10. f4 exf4 11. Bxf4 g5 12. Bd2 f4 13. Bg4 Nd7 14. Be6+ Kh8 15. Qh5 Bf6 16. Bf5 Qe7 17. h4 gxh4 18. Nd3 Ne5 19. Nxf4 Bxf5 20. exf5 Ng7 21. Qe2 Nxf5 22. Ne6 Ng3 23. Qd1 Nxf1 24. Qxf1 Rf7 25. Qe2 Rg8 26. Kh1 Ng4 27. Ne4 Bd4 28. Bg5 Nf2+ 29. Kh2 h3 30. Nxf2 Rxg5 31. Nxh3 Be5+ 32. Kh1 Rgf5 33. Qg4 Rf1+ 34. Rxf1 Rxf1+ 35. Ng1 Qf6 36. Ng5 Qh6+ 37. N5h3 Bd4 38. Qc8+ Qf8 39. Qe6 Bxg1 40. Nxg1 Qf4 41. Qe8+ Kg7 42. Qe7+ Qf7 43. Qg5+ Kh8 44. Qd8+ Qf8 45. Qg5 Qf6 46. Qh5 Kg7 47. Qg4+ Qg6 48. Qd7+ Rf7 49. Qd8 Qh5+ 0-1

[Event "RUS-ch (Women) sf"]
[Site "Kolontaevo"]
[Date "1997.??.??"]
[Round "?"]
[White "Lopatskaya, Elena V"]
[Black "Sidorova, Elena"]
[Result "0-1"]
[WhiteElo "2240"]
[BlackElo "2150"]
[PlyCount "80"]
[EventDate "1997.??.??"]
[EventType "swiss"]
[EventRounds "9"]
[EventCountry "RUS"]
[SourceTitle "EXT 1999"]
[Source "ChessBase"]
[SourceDate "1998.11.16"]
[SourceVersion "1"]
[SourceVersionDate "1998.11.16"]
[SourceQuality "1"]

1. e4 c5 2. Nf3 e6 3. c4 Nc6 4. Nc3 a6 5. d4 cxd4 6. Nxd4 Qc7 7. Be2 Nf6 8. Be3 Bb4 9. f3 0-0 10. 0-0 b6 11. Rc1 Be7 12. Nb3 Rb8 13. Qd2 Ne5 14. h3 d6 15. f4 Ned7 16. Bf3 Bb7 17. Nd4 Rbe8 18. f5 Bd8 19. b3 Nc5 20. fxe6 fxe6 21. Qc2 Qb8 22. Bf2 Bc7 23. Rcd1 Qa8 24. Rfe1 Ncd7 25. Bg3 Ne5 26. Bxe5 dxe5 27. Nde2 Rd8 28. a3 Bd6 29. b4 a5 30. Qb3 Nxe4 31. Nxe4 Bxe4 32. Bxe4 Qxe4 33. c5 Bb8 34. Qxe6+ Kh8 35. Nc3 Rxd1 36. Nxe4 Rxe1+ 37. Kh2 Rxe4 38. Qe7 Ref4 39. cxb6 axb4 40. axb4 e4 0-1

[Event "RUS-ch (Women) sf"]
[Site "Kolontaevo"]
[Date "1997.??.??"]
[Round "?"]
[White "Sidorova, Elena"]
[Black "Schweitzer, Viktoriya"]
[Result "1-0"]
[WhiteElo "2150"]
[BlackElo "2140"]
[PlyCount "59"]
[EventDate "1997.??.??"]
[EventType "swiss"]
[EventRounds "9"]
[EventCountry "RUS"]
[SourceTitle "EXT 1999"]
[Source "ChessBase"]
[SourceDate "1998.11.16"]
[SourceVersion "1"]
[SourceVersionDate "1998.11.16"]
[SourceQuality "1"]

1. d4 Nf6 2. c4 g6 3. Nc3 Bg7 4. e4 d6 5. Nf3 0-0 6. Be2 Nbd7 7. Bg5 h6 8. Bh4 e5 9. d5 a5 10. Nd2 Nc5 11. 0-0 g5 12. Bg3 Ne8 13. Bg4 f5 14. Bxf5 Bxf5 15. exf5 Rxf5 16. Qc2 Qd7 17. f3 Rf7 18. Bf2 b6 19. Bxc5 bxc5 20. Nde4 Nf6 21. Ng3 Raf8 22. Qg6 Rb8 23. Nf5 Kf8 24. Nxg7 Rxg7 25. Qxf6+ Kg8 26. b3 Rf8 27. Qxh6 Rgf7 28. Ne4 Qf5 29. Qe6 Qf4 30. Rae1 1-0

[Event "St Petersburg Rudenko Memorial (Women)"]
[Site "St Petersburg"]
[Date "1996.??.??"]
[Round "3"]
[White "Gubernatorova, Lyudmila"]
[Black "Sidorova, Elena"]
[Result "1-0"]
[WhiteElo "2190"]
[BlackElo "2085"]
[PlyCount "107"]
[EventDate "1996.??.??"]
[EventType "swiss"]
[EventRounds "9"]
[EventCountry "RUS"]
[SourceTitle "EXT 2000"]
[Source "ChessBase"]
[SourceDate "1999.11.16"]
[SourceVersion "1"]
[SourceVersionDate "1999.11.16"]
[SourceQuality "1"]

1. d4 Nf6 2. c4 c5 3. e3 e6 4. Nf3 d5 5. Nc3 a6 6. a4 Nc6 7. Be2 Be7 8. 0-0 0-0 9. b3 Qa5 10. Bd2 Qb6 11. a5 Qc7 12. Na4 Nxa5 13. dxc5 Nc6 14. b4 Nd7 15. cxd5 exd5 16. Bc3 Rd8 17. Qb3 Rb8 18. Rfd1 b6 19. cxb6 Nxb6 20. Nb2 Bxb4 21. Bxb4 Nc4 22. Nxc4 Rxb4 23. Qc3 dxc4 24. Bxc4 Rxd1+ 25. Rxd1 h6 26. Bd5 Rb6 27. Nd4 Bb7 28. Nxc6 Rxc6 29. Bxc6 Qxc6 30. Qxc6 Bxc6 31. Ra1 Bb5 32. f3 Kh7 33. Kf2 Kg6 34. e4 Kf6 35. Ke3 Ke5 36. f4+ Kf6 37. Kd4 g5 38. g3 gxf4 39. gxf4 Ke6 40. Ra3 Kf6 41. Kc5 Be2 42. Kd6 Bf1 43. Rc3 Be2 44. Rc7 Bh5 45. Ra7 Be2 46. e5+ Kg6 47. f5+ Kg5 48. Rxf7 Kg4 49. e6 h5 50. e7 Bb5 51. Rf8 Kh3 52. e8Q Bxe8 53. Rxe8 h4 54. Re4 1-0

[Event "St Petersburg Rudenko Memorial (Women)"]
[Site "St Petersburg"]
[Date "1996.??.??"]
[Round "4"]
[White "Sidorova, Elena"]
[Black "Shirjaeva, Jaroslava"]
[Result "1-0"]
[WhiteElo "2085"]
[BlackElo "2140"]
[PlyCount "71"]
[EventDate "1996.??.??"]
[EventType "swiss"]
[EventRounds "9"]
[EventCountry "RUS"]
[SourceTitle "EXT 2000"]
[Source "ChessBase"]
[SourceDate "1999.11.16"]
[SourceVersion "1"]
[SourceVersionDate "1999.11.16"]
[SourceQuality "1"]

1. d4 e6 2. c4 c5 3. d5 exd5 4. cxd5 d6 5. Nc3 g6 6. Nf3 Bg7 7. Nd2 Nd7 8. e4 Ne7 9. Bb5 0-0 10. Bxd7 Qxd7 11. a4 f5 12. 0-0 b6 13. Re1 Bb7 14. Qb3 Bxc3 15. bxc3 fxe4 16. c4 Nf5 17. Nxe4 Nd4 18. Qd3 a6 19. Bb2 b5 20. Bxd4 bxc4 21. Qxc4 cxd4 22. Qxd4 Qf5 23. Rad1 Rae8 24. Nf6+ Qxf6 25. Rxe8 Qxd4 26. Rxf8+ Kxf8 27. Rxd4 Kf7 28. f4 h5 29. Kf2 Ke7 30. Ke3 Bc8 31. Rc4 Kd7 32. a5 Bb7 33. Ke4 Ba8 34. Rb4 Kc7 35. Rb6 Bb7 36. Rxb7+ 1-0

[Event "Moscow (Women)"]
[Site "Moscow"]
[Date "1995.??.??"]
[Round "?"]
[White "Fatalibekova, Elena"]
[Black "Sidorova, Elena"]
[Result "1-0"]
[WhiteElo "2230"]
[BlackElo "2055"]
[PlyCount "59"]
[EventDate "1995.??.??"]
[EventType "tourn"]
[EventRounds "9"]
[EventCountry "RUS"]
[SourceTitle "EXT 1998"]
[Source "ChessBase"]
[SourceDate "1997.11.17"]
[SourceVersion "1"]
[SourceVersionDate "1997.11.17"]
[SourceQuality "1"]

1. d4 Nf6 2. Nf3 c5 3. d5 b5 4. a4 Qa5+ 5. Bd2 b4 6. c4 d6 7. Qc2 g6 8. e4 Bg7 9. Bd3 Nbd7 10. 0-0 Ng4 11. Be2 Nge5 12. Nxe5 Nxe5 13. f4 Ng4 14. Bxg4 Bd4+ 15. Kh1 Bxg4 16. f5 gxf5 17. exf5 f6 18. Bf4 Bh5 19. Nd2 Qc7 20. Rae1 0-0-0 21. a5 a6 22. Nb3 Be5 23. Qf2 Rdg8 24. Bxe5 fxe5 25. Qh4 Be8 26. Nd2 h5 27. h3 Rh7 28. Ne4 Qd8 29. f6 Rf7 30. fxe7 1-0